<?xml version="1.0" encoding="UTF-8"?><?xml-stylesheet type="text/xsl" href="static/style.xsl"?><OAI-PMH xmlns="http://www.openarchives.org/OAI/2.0/" xmlns:xsi="http://www.w3.org/2001/XMLSchema-instance" xsi:schemaLocation="http://www.openarchives.org/OAI/2.0/ http://www.openarchives.org/OAI/2.0/OAI-PMH.xsd"><responseDate>2026-04-17T03:57:30Z</responseDate><request verb="GetRecord" identifier="oai:www.recercat.cat:2445/18682" metadataPrefix="marc">https://recercat.cat/oai/request</request><GetRecord><record><header><identifier>oai:recercat.cat:2445/18682</identifier><datestamp>2025-12-05T16:33:13Z</datestamp><setSpec>com_2072_1057</setSpec><setSpec>col_2072_478917</setSpec><setSpec>col_2072_478921</setSpec></header><metadata><record xmlns="http://www.loc.gov/MARC21/slim" xmlns:dcterms="http://purl.org/dc/terms/" xmlns:xsi="http://www.w3.org/2001/XMLSchema-instance" xmlns:doc="http://www.lyncode.com/xoai" xsi:schemaLocation="http://www.loc.gov/MARC21/slim http://www.loc.gov/standards/marcxml/schema/MARC21slim.xsd">
   <leader>00925njm 22002777a 4500</leader>
   <datafield ind2=" " ind1=" " tag="042">
      <subfield code="a">dc</subfield>
   </datafield>
   <datafield ind2=" " ind1=" " tag="720">
      <subfield code="a">Esteve i Comas, Maria</subfield>
      <subfield code="e">author</subfield>
   </datafield>
   <datafield ind2=" " ind1=" " tag="720">
      <subfield code="a">Saro, C.</subfield>
      <subfield code="e">author</subfield>
   </datafield>
   <datafield ind2=" " ind1=" " tag="720">
      <subfield code="a">González-Huix Lladó, Ferran</subfield>
      <subfield code="e">author</subfield>
   </datafield>
   <datafield ind2=" " ind1=" " tag="720">
      <subfield code="a">Suárez, F.</subfield>
      <subfield code="e">author</subfield>
   </datafield>
   <datafield ind2=" " ind1=" " tag="720">
      <subfield code="a">Forné Bardera, Montserrat</subfield>
      <subfield code="e">author</subfield>
   </datafield>
   <datafield ind2=" " ind1=" " tag="720">
      <subfield code="a">Viver i Pi-Suñer, Josep M.</subfield>
      <subfield code="e">author</subfield>
   </datafield>
   <datafield ind2=" " ind1=" " tag="260">
      <subfield code="c">2011-07-07T12:31:06Z</subfield>
   </datafield>
   <datafield ind2=" " ind1=" " tag="260">
      <subfield code="c">2011-07-07T12:31:06Z</subfield>
   </datafield>
   <datafield ind2=" " ind1=" " tag="260">
      <subfield code="c">2004</subfield>
   </datafield>
   <datafield ind2=" " ind1=" " tag="520">
      <subfield code="a">Background: There is little information about the effect of infliximab on the clinical course of liver disease in Crohn's disease patients with concomitant hepatitis B virus (HBV) infection. Theoretically, immunosuppression induced by infliximab will facilitate viral replication which could be followed by a flare or exacerbation of disease when therapy is discontinued. There are no specific recommendations on surveillance and treatment of HBV before infliximab infusion. Two cases of severe hepatic failure related to infliximab infusions have been described in patients with rheumatic diseases. Patients and methods: Hepatitis markers (C and B) and liver function tests were prospectively determined to 80 Crohn's disease patients requiring infliximab infusion in three hospitals in Spain. Results: Three Crohn¿s disease patients with chronic HBV infection were identified. Two of the three patients with chronic HBV infection suffered severe reactivation of chronic hepatitis B after withdrawal of infliximab therapy and one died. A third patient, who was treated with lamivudine at the time of infliximab therapy, had no clinical or biochemical worsening of liver disease during or after therapy. From the remaining 80 patients, six received the hepatitis B vaccine. Three patients had antibodies to both hepatitis B surface antigen (anti-HBs) and hepatitis B core protein (anti-HBc) with normal aminotransferase levels, and one patient had positive anti-hepatitis C virus (HCV) antibodies, negative HCV RNA, and normal aminotransferase levels. Except for the patients with chronic HBV infection, no significant changes in hepatic function were detected. Conclusions: Patients with Crohn's disease who are candidates for infliximab therapy should be tested for hepatitis B serological markers before treatment and considered for prophylaxis of reactivation using antiviral therapy if positive.</subfield>
   </datafield>
   <datafield tag="653" ind2=" " ind1=" ">
      <subfield code="a">Malaltia de Crohn</subfield>
   </datafield>
   <datafield tag="653" ind2=" " ind1=" ">
      <subfield code="a">Hepatitis B</subfield>
   </datafield>
   <datafield tag="653" ind2=" " ind1=" ">
      <subfield code="a">Anticossos monoclonals</subfield>
   </datafield>
   <datafield tag="653" ind2=" " ind1=" ">
      <subfield code="a">Crohn's disease</subfield>
   </datafield>
   <datafield tag="653" ind2=" " ind1=" ">
      <subfield code="a">Hepatitis B</subfield>
   </datafield>
   <datafield tag="653" ind2=" " ind1=" ">
      <subfield code="a">Monoclonal antibodies</subfield>
   </datafield>
   <datafield ind2="0" ind1="0" tag="245">
      <subfield code="a">Chronic hepatitis B reactivation following infliximab therapy in Crohn's disease patients: need for primary prophylaxis.</subfield>
   </datafield>
</record></metadata></record></GetRecord></OAI-PMH>